[Event "MP do lat 16 - dziewczeta"]
[Site "Sypniewo"]
[Date "2022.03.21"]
[Round "3.10"]
[White "Niedorys, Karolina"]
[Black "Staniewicz, Adrianna"]
[Result "1/2-1/2"]
[BlackElo "1376"]
[WhiteElo "1583"]
[LiveChessVersion "1.4.8"]

1. e4 {[%clk 1:30:57]} c5 {[%clk 1:30:50]} 2. Nf3 {[%clk 1:31:19]} e6
{[%clk 1:31:15]} 3. d4 {[%clk 1:31:44]} cxd4 {[%clk 1:31:40]} 4. Nxd4
{[%clk 1:32:07]} a6 {[%clk 1:32:06]} 5. Nc3 {[%clk 1:31:58]} Qc7 {[%clk 1:32:07]}
6. Be3 {[%clk 1:32:03]} b5 {[%clk 1:31:37]} 7. Qd2 {[%clk 1:30:48]} Bb4
{[%clk 1:29:55]} 8. f3 {[%clk 1:29:04]} Bxc3 {[%clk 1:28:12]} 9. Qxc3
{[%clk 1:28:59]} Qxc3+ {[%clk 1:28:32]} 10. bxc3 {[%clk 1:29:25]} Bb7
{[%clk 1:26:42]} 11. O-O-O {[%clk 1:20:48]} Ne7 {[%clk 1:23:26]} 12. Nb3
{[%clk 1:19:03]} d5 {[%clk 1:19:03]} 13. Na5 {[%clk 1:15:10]} Bc6
{[%clk 1:16:07]} 14. e5 {[%clk 1:08:57]} Nd7 {[%clk 1:13:41]} 15. Bd4
{[%clk 1:00:20]} Rc8 {[%clk 1:10:39]} 16. Bd3 {[%clk 0:57:07]} Ba8
{[%clk 1:07:08]} 17. a4 {[%clk 0:40:30]} Nc6 {[%clk 1:05:24]} 18. Nxc6
{[%clk 0:40:38]} Bxc6 {[%clk 1:05:46]} 19. a5 {[%clk 0:40:15]} Bb7
{[%clk 1:04:13]} 20. Kb2 {[%clk 0:39:12]} Ke7 {[%clk 1:00:17]} 21. Kb3
{[%clk 0:36:16]} Nc5+ {[%clk 0:57:35]} 22. Kb4 {[%clk 0:33:15]} Nd7
{[%clk 0:57:22]} 23. f4 {[%clk 0:32:35]} f5 {[%clk 0:51:43]} 24. Rhg1
{[%clk 0:31:22]} g6 {[%clk 0:44:40]} 25. h3 {[%clk 0:30:23]} Kf7 {[%clk 0:40:01]}
26. g4 {[%clk 0:29:48]} Rhg8 {[%clk 0:38:54]} 27. Rg3 {[%clk 0:26:09]} Rg7
{[%clk 0:36:44]} 28. gxf5 {[%clk 0:20:07]} gxf5 {[%clk 0:36:53]} 29. Rxg7+
{[%clk 0:18:35]} Kxg7 {[%clk 0:37:15]} 30. Rg1+ {[%clk 0:18:21]} Kf7
{[%clk 0:37:10]} 31. Be2 {[%clk 0:17:57]} Kf8 {[%clk 0:34:37]} 32. h4
{[%clk 0:16:46]} Kf7 {[%clk 0:34:40]} 33. h5 {[%clk 0:15:40]} Rg8
{[%clk 0:33:34]} 34. Rxg8 {[%clk 0:15:18]} Kxg8 {[%clk 0:33:58]} 35. Bc5
{[%clk 0:12:48]} Kf7 {[%clk 0:32:57]} 36. Bd6 {[%clk 0:11:25]} Kg7
{[%clk 0:31:38]} 37. Bf3 {[%clk 0:09:57]} Kf7 {[%clk 0:31:01]} 38. Bc5
{[%clk 0:09:02]} Kg7 {[%clk 0:30:33]} 39. Be7 {[%clk 0:07:28]} h6
{[%clk 0:27:45]} 40. Bd6 {[%clk 0:37:03]} Kf7 {[%clk 0:57:39]} 1/2-1/2

[Event "MP do lat 16 - dziewczeta"]
[Site "Sypniewo"]
[Date "2022.03.21"]
[Round "3.11"]
[White "Grzesik, Nikola"]
[Black "Trybus, Dominika"]
[Result "1-0"]
[BlackElo "1534"]
[WhiteElo "1374"]
[LiveChessVersion "1.4.8"]

1. e4 {[%clk 1:30:58]} c6 {[%clk 1:30:56]} 2. d4 {[%clk 1:31:23]} d5
{[%clk 1:31:21]} 3. Nc3 {[%clk 1:31:49]} dxe4 {[%clk 1:31:47]} 4. Nxe4
{[%clk 1:32:15]} Nf6 {[%clk 1:32:11]} 5. Nxf6+ {[%clk 1:32:35]} gxf6
{[%clk 1:32:33]} 6. Bf4 {[%clk 1:30:24]} Bf5 {[%clk 1:31:17]} 7. c3
{[%clk 1:29:59]} e6 {[%clk 1:30:05]} 8. Nf3 {[%clk 1:28:57]} Nd7 {[%clk 1:29:12]}
9. Nh4 {[%clk 1:19:22]} Bg6 {[%clk 1:28:45]} 10. Bc4 {[%clk 1:18:24]} Be7
{[%clk 1:23:32]} 11. Qe2 {[%clk 1:09:05]} Nb6 {[%clk 1:20:38]} 12. Bb3
{[%clk 1:03:16]} Nd5 {[%clk 1:20:10]} 13. Bh6 {[%clk 1:00:07]} Qd7
{[%clk 1:17:05]} 14. Rd1 {[%clk 0:54:57]} O-O-O {[%clk 1:12:21]} 15. O-O
{[%clk 0:47:18]} f5 {[%clk 1:08:06]} 16. Nf3 {[%clk 0:44:30]} Bh5
{[%clk 1:08:09]} 17. c4 {[%clk 0:42:43]} Nf6 {[%clk 1:03:18]} 18. d5
{[%clk 0:36:23]} Qc7 {[%clk 0:55:06]} 19. dxe6 {[%clk 0:25:46]} Bxf3
{[%clk 0:55:17]} 20. Qxf3 {[%clk 0:24:40]} fxe6 {[%clk 0:54:35]} 21. c5
{[%clk 0:21:56]} Nd5 {[%clk 0:54:14]} 22. Bxd5 {[%clk 0:20:35]} cxd5
{[%clk 0:51:19]} 23. Rfe1 {[%clk 0:20:17]} Qc6 {[%clk 0:47:33]} 24. Qh5
{[%clk 0:16:38]} Bf6 {[%clk 0:43:58]} 25. Bf4 {[%clk 0:12:32]} Qd7
{[%clk 0:32:07]} 26. Qf3 {[%clk 0:08:03]} Rhg8 {[%clk 0:27:18]} 27. Bd6
{[%clk 0:04:04]} Rg6 {[%clk 0:19:34]} 28. Qa3 {[%clk 0:03:03]} a6
{[%clk 0:17:42]} 29. Rc1 {[%clk 0:01:57]} Qc6 {[%clk 0:16:26]} 30. b4
{[%clk 0:01:24]} d4 {[%clk 0:14:22]} 31. g3 {[%clk 0:01:05]} Kd7 {[%clk 0:14:12]}
32. Qd3 {[%clk 0:01:00]} Qd5 {[%clk 0:11:28]} 33. a4 {[%clk 0:01:06]} e5
{[%clk 0:11:13]} 34. Qxf5+ {[%clk 0:00:56]} Qe6 {[%clk 0:10:08]} 35. Qe4
{[%clk 0:00:51]} Rh6 {[%clk 0:08:16]} 36. Qxb7+ {[%clk 0:01:13]} Ke8
{[%clk 0:08:27]} 37. Qe4 {[%clk 0:00:49]} Qh3 {[%clk 0:07:50]} 38. Qg2
{[%clk 0:01:13]} Qe6 {[%clk 0:07:33]} 39. Qc6+ {[%clk 0:00:58]} Kf7
{[%clk 0:07:11]} 40. Qf3 {[%clk 0:31:21]} Kg7 {[%clk 0:36:07]} 41. Rcd1
{[%clk 0:27:33]} Rxd6 {[%clk 0:33:56]} 42. cxd6 {[%clk 0:27:39]} Qxd6
{[%clk 0:34:21]} 43. Qb7+ {[%clk 0:27:59]} Kg6 {[%clk 0:33:35]} 44. b5
{[%clk 0:27:37]} axb5 {[%clk 0:33:57]} 45. axb5 {[%clk 0:27:56]} Qb4
{[%clk 0:32:09]} 46. Rb1 {[%clk 0:27:15]} Qd2 {[%clk 0:31:50]} 47. Qe4+
{[%clk 0:26:53]} Kf7 {[%clk 0:31:58]} 48. b6 {[%clk 0:26:45]} Qg5
{[%clk 0:31:48]} 49. b7 {[%clk 0:26:32]} Qh5 {[%clk 0:32:03]} 50. Qg2
{[%clk 0:26:49]} 1-0

[Event "MP do lat 16 - dziewczeta"]
[Site "Sypniewo"]
[Date "2022.03.21"]
[Round "3.12"]
[White "Skolska, Emilia"]
[Black "Giemza, Julia"]
[Result "0-1"]
[BlackElo "1512"]
[WhiteElo "1362"]
[LiveChessVersion "1.4.8"]

1. e4 {[%clk 1:30:48]} c5 {[%clk 1:30:52]} 2. Ne2 {[%clk 1:31:12]} e6
{[%clk 1:31:00]} 3. g3 {[%clk 1:31:32]} Nc6 {[%clk 1:30:46]} 4. Bg2
{[%clk 1:31:42]} Nf6 {[%clk 1:29:26]} 5. d3 {[%clk 1:30:54]} d5 {[%clk 1:28:45]}
6. Nbc3 {[%clk 1:27:36]} Be7 {[%clk 1:27:00]} 7. O-O {[%clk 1:25:57]} O-O
{[%clk 1:23:36]} 8. Nf4 {[%clk 1:19:34]} d4 {[%clk 1:19:43]} 9. Nb5
{[%clk 1:19:46]} a6 {[%clk 1:17:52]} 10. Na3 {[%clk 1:20:10]} Rb8
{[%clk 1:16:03]} 11. c3 {[%clk 1:15:22]} b5 {[%clk 1:10:12]} 12. Re1
{[%clk 1:07:52]} Bb7 {[%clk 1:07:49]} 13. e5 {[%clk 1:04:19]} Nd5
{[%clk 1:03:57]} 14. Nxd5 {[%clk 1:04:00]} exd5 {[%clk 1:04:19]} 15. Qg4
{[%clk 0:51:32]} Bc8 {[%clk 0:59:49]} 16. Qh5 {[%clk 0:47:32]} Be6
{[%clk 0:56:23]} 17. Nc2 {[%clk 0:44:12]} dxc3 {[%clk 0:51:08]} 18. bxc3
{[%clk 0:44:32]} Qd7 {[%clk 0:49:19]} 19. Qe2 {[%clk 0:36:31]} Rfe8
{[%clk 0:44:42]} 20. f4 {[%clk 0:33:51]} f6 {[%clk 0:40:36]} 21. d4
{[%clk 0:31:15]} c4 {[%clk 0:35:16]} 22. Ne3 {[%clk 0:25:41]} f5 {[%clk 0:29:51]}
23. g4 {[%clk 0:22:26]} g6 {[%clk 0:26:31]} 24. gxf5 {[%clk 0:21:23]} gxf5
{[%clk 0:26:29]} 25. Qh5 {[%clk 0:19:02]} Rf8 {[%clk 0:24:56]} 26. Kh1
{[%clk 0:16:12]} b4 {[%clk 0:23:41]} 27. Rg1 {[%clk 0:12:49]} Kh8
{[%clk 0:22:42]} 28. Bb2 {[%clk 0:11:00]} a5 {[%clk 0:18:28]} 29. Bf3
{[%clk 0:09:51]} Rg8 {[%clk 0:17:06]} 30. Rg3 {[%clk 0:06:15]} a4
{[%clk 0:15:11]} 31. Rxg8+ {[%clk 0:03:30]} Rxg8 {[%clk 0:15:18]} 32. a3
{[%clk 0:03:52]} b3 {[%clk 0:12:59]} 33. Bg2 {[%clk 0:02:42]} Na7
{[%clk 0:10:57]} 34. Bh3 {[%clk 0:02:35]} Rf8 {[%clk 0:10:34]} 35. Rg1
{[%clk 0:02:31]} Nb5 {[%clk 0:09:54]} 36. Ng2 {[%clk 0:00:51]} Rg8
{[%clk 0:06:31]} 37. Nh4 {[%clk 0:01:00]} Rxg1+ {[%clk 0:05:30]} 38. Kxg1
{[%clk 0:01:29]} Bxa3 {[%clk 0:05:13]} 39. Bxa3 {[%clk 0:00:59]} Nxa3
{[%clk 0:05:36]} 40. Bxf5 {[%clk 0:30:36]} Bxf5 {[%clk 0:35:36]} 0-1

[Event "MP do lat 16 - dziewczeta"]
[Site "Sypniewo"]
[Date "2022.03.21"]
[Round "3.13"]
[White "Zalewska, Malgorzata"]
[Black "Szczotka, Matylda"]
[Result "0-1"]
[BlackElo "1479"]
[WhiteElo "1338"]
[LiveChessVersion "1.4.8"]

1. e4 {[%clk 1:30:59]} e5 {[%clk 1:30:57]} 2. Nf3 {[%clk 1:31:24]} Nc6
{[%clk 1:31:21]} 3. Bc4 {[%clk 1:31:48]} Bc5 {[%clk 1:31:46]} 4. c3
{[%clk 1:32:15]} Nf6 {[%clk 1:32:09]} 5. d3 {[%clk 1:32:40]} d6 {[%clk 1:32:29]}
6. a4 {[%clk 1:33:05]} a6 {[%clk 1:32:10]} 7. b4 {[%clk 1:33:30]} Ba7
{[%clk 1:31:48]} 8. h3 {[%clk 1:33:53]} h6 {[%clk 1:31:07]} 9. Nbd2
{[%clk 1:34:09]} Be6 {[%clk 1:29:53]} 10. O-O {[%clk 1:34:29]} O-O
{[%clk 1:28:23]} 11. Re1 {[%clk 1:34:31]} Ne7 {[%clk 1:26:25]} 12. Bb3
{[%clk 1:31:39]} Ng6 {[%clk 1:22:51]} 13. Nf1 {[%clk 1:26:47]} Nh5
{[%clk 1:15:02]} 14. Be3 {[%clk 1:22:11]} Nhf4 {[%clk 1:07:23]} 15. Bxe6
{[%clk 1:16:07]} fxe6 {[%clk 1:06:15]} 16. d4 {[%clk 1:15:00]} Qf6
{[%clk 0:59:12]} 17. N1h2 {[%clk 1:10:19]} exd4 {[%clk 0:44:34]} 18. cxd4
{[%clk 1:10:35]} e5 {[%clk 0:43:27]} 19. Bxf4 {[%clk 1:09:10]} Qxf4
{[%clk 0:40:45]} 20. Ra2 {[%clk 1:07:51]} Rae8 {[%clk 0:36:02]} 21. dxe5
{[%clk 1:07:19]} Nxe5 {[%clk 0:32:31]} 22. Qd5+ {[%clk 1:06:44]} Qf7
{[%clk 0:30:43]} 23. Qxf7+ {[%clk 1:06:05]} Rxf7 {[%clk 0:28:29]} 24. Nxe5
{[%clk 1:06:24]} Rxe5 {[%clk 0:28:07]} 25. Nf3 {[%clk 1:06:29]} Re8
{[%clk 0:27:30]} 26. Kf1 {[%clk 1:03:54]} Rf4 {[%clk 0:22:55]} 27. Rae2
{[%clk 1:01:41]} d5 {[%clk 0:17:20]} 28. Nd2 {[%clk 1:00:15]} d4 {[%clk 0:16:11]}
29. g3 Rf7 30. Nb3 {[%clk 0:59:35]} Rf3 {[%clk 0:10:44]} 31. Rb2 {[%clk 0:58:19]}
Ref8 {[%clk 0:09:37]} 32. Kg2 {[%clk 0:58:15]} d3 {[%clk 0:09:18]} 33. Nc5
{[%clk 0:57:47]} a5 {[%clk 0:08:17]} 34. Rf1 {[%clk 0:57:06]} axb4
{[%clk 0:08:04]} 35. Nd7 {[%clk 0:57:20]} Rxf2+ {[%clk 0:04:17]} 36. Rbxf2
{[%clk 0:57:42]} Rxf2+ {[%clk 0:04:44]} 37. Rxf2 {[%clk 0:58:01]} Bxf2
{[%clk 0:05:04]} 38. Kxf2 {[%clk 0:56:06]} b3 {[%clk 0:05:09]} 0-1

[Event "MP do lat 16 - dziewczeta"]
[Site "Sypniewo"]
[Date "2022.03.21"]
[Round "3.14"]
[White "Pietrzak, Emilia"]
[Black "Lach, Alicja"]
[Result "1-0"]
[BlackElo "1327"]
[WhiteElo "1474"]
[LiveChessVersion "1.4.8"]

1. d4 {[%clk 1:30:59]} d5 {[%clk 1:30:56]} 2. c4 {[%clk 1:31:26]} e6
{[%clk 1:31:22]} 3. Nf3 {[%clk 1:31:51]} c5 {[%clk 1:31:44]} 4. cxd5
{[%clk 1:31:20]} exd5 {[%clk 1:32:09]} 5. g3 {[%clk 1:31:05]} Nc6
{[%clk 1:32:32]} 6. Bg2 {[%clk 1:30:30]} Nf6 {[%clk 1:32:56]} 7. Nc3
{[%clk 1:30:32]} Be7 {[%clk 1:32:41]} 8. O-O {[%clk 1:29:56]} O-O
{[%clk 1:33:06]} 9. Bg5 {[%clk 1:18:42]} cxd4 {[%clk 1:30:39]} 10. Nxd4
{[%clk 1:18:05]} h6 {[%clk 1:30:47]} 11. Bf4 {[%clk 1:14:15]} Bg4
{[%clk 1:29:04]} 12. h3 {[%clk 1:10:49]} Be6 {[%clk 1:29:19]} 13. e3
{[%clk 1:07:34]} Qd7 {[%clk 1:25:19]} 14. g4 {[%clk 1:05:16]} g5 {[%clk 1:17:55]}
15. Bg3 {[%clk 1:04:26]} Bd6 {[%clk 1:02:42]} 16. f4 {[%clk 0:58:36]} a6
{[%clk 0:51:01]} 17. Nce2 {[%clk 0:51:49]} Qc7 {[%clk 0:49:43]} 18. Be1
{[%clk 0:49:45]} Ne4 {[%clk 0:46:19]} 19. Nxe6 {[%clk 0:36:20]} fxe6
{[%clk 0:46:36]} 20. Bxe4 {[%clk 0:35:58]} dxe4 {[%clk 0:46:54]} 21. Qb3
{[%clk 0:34:44]} Kh7 {[%clk 0:37:19]} 22. Qc2 {[%clk 0:31:01]} Ne7
{[%clk 0:29:40]} 23. Qxe4+ {[%clk 0:29:55]} Ng6 {[%clk 0:29:57]} 24. Bg3
{[%clk 0:26:35]} Qb6 {[%clk 0:26:38]} 25. Rad1 {[%clk 0:23:02]} Bc5
{[%clk 0:26:07]} 26. Rd7+ {[%clk 0:22:31]} 1-0

[Event "MP do lat 16 - dziewczeta"]
[Site "Sypniewo"]
[Date "2022.03.21"]
[Round "3.15"]
[White "Kicinska, Magdalena"]
[Black "Walendykiewicz, Martyna"]
[Result "1-0"]
[BlackElo "1224"]
[WhiteElo "1436"]
[LiveChessVersion "1.4.8"]

1. d4 {[%clk 1:30:57]} d5 {[%clk 1:30:54]} 2. Nf3 {[%clk 1:31:21]} Nf6
{[%clk 1:31:16]} 3. Bf4 {[%clk 1:31:24]} Nc6 {[%clk 1:31:21]} 4. e3
{[%clk 1:31:22]} e6 {[%clk 1:30:54]} 5. Nbd2 {[%clk 1:31:30]} Be7
{[%clk 1:29:31]} 6. c3 {[%clk 1:31:10]} a6 {[%clk 1:27:30]} 7. Bd3
{[%clk 1:31:11]} b5 {[%clk 1:26:39]} 8. a3 {[%clk 1:30:37]} Na5 {[%clk 1:25:45]}
9. Ne5 {[%clk 1:29:28]} Bb7 {[%clk 1:23:04]} 10. h4 {[%clk 1:25:09]} Nc6
{[%clk 1:20:46]} 11. Qe2 {[%clk 1:21:34]} Nxe5 {[%clk 1:19:32]} 12. dxe5
{[%clk 1:21:46]} Nd7 {[%clk 1:19:47]} 13. Nf3 {[%clk 1:21:06]} h6
{[%clk 1:19:17]} 14. Bc2 {[%clk 1:18:08]} c5 {[%clk 1:17:02]} 15. g3
{[%clk 1:06:55]} Nb6 {[%clk 1:13:37]} 16. Rd1 {[%clk 1:00:57]} Qc7
{[%clk 1:11:29]} 17. e4 {[%clk 1:00:05]} Rd8 {[%clk 1:10:51]} 18. O-O
{[%clk 0:59:56]} O-O {[%clk 1:06:42]} 19. exd5 {[%clk 0:55:44]} Bxd5
{[%clk 1:06:37]} 20. Qd3 {[%clk 0:53:36]} g6 {[%clk 1:05:12]} 21. Bxh6
{[%clk 0:47:45]} Bc4 {[%clk 1:03:21]} 22. Qe4 {[%clk 0:45:03]} Bd5
{[%clk 0:59:15]} 23. Qg4 {[%clk 0:44:05]} Bxf3 24. Qxf3 {[%clk 0:44:06]} Rxd1
{[%clk 0:58:50]} 25. Rxd1 {[%clk 0:44:14]} Qxe5 {[%clk 0:55:02]} 26. Bxf8
{[%clk 0:43:25]} Kxf8 {[%clk 0:54:21]} 27. Bxg6 {[%clk 0:43:08]} Qf6
{[%clk 0:54:31]} 28. Qxf6 {[%clk 0:39:53]} Bxf6 {[%clk 0:54:56]} 29. Bd3
{[%clk 0:39:44]} Na4 {[%clk 0:54:54]} 30. Rd2 {[%clk 0:39:36]} c4
{[%clk 0:54:21]} 31. Be4 {[%clk 0:38:53]} Nc5 {[%clk 0:54:40]} 32. Bc2
{[%clk 0:38:53]} Ke7 {[%clk 0:54:31]} 33. f4 {[%clk 0:38:33]} Nd7
{[%clk 0:53:31]} 34. Kg2 {[%clk 0:38:02]} Bg7 {[%clk 0:52:23]} 35. g4
{[%clk 0:37:08]} Nf6 {[%clk 0:51:25]} 36. g5 {[%clk 0:36:10]} Nd5
{[%clk 0:50:25]} 37. Kf3 {[%clk 0:35:53]} Nc7 {[%clk 0:48:41]} 38. f5
{[%clk 0:34:52]} exf5 {[%clk 0:44:09]} 39. Bxf5 {[%clk 0:35:09]} Ne8
{[%clk 0:42:57]} 40. Rd7+ {[%clk 1:03:54]} Kf8 {[%clk 1:13:17]} 41. h5
{[%clk 1:03:10]} Be5 {[%clk 1:12:54]} 42. h6 {[%clk 1:01:00]} Bh8
{[%clk 1:10:39]} 43. g6 {[%clk 0:56:42]} Bf6 {[%clk 1:04:55]} 44. Rxf7+
{[%clk 0:56:41]} Kg8 {[%clk 1:05:12]} 45. h7+ {[%clk 0:56:52]} Kh8
{[%clk 1:05:20]} 46. Rf8+ {[%clk 0:57:05]} Kg7 {[%clk 1:05:46]} 47. h8=Q#
{[%clk 0:57:28]} 1-0

[Event "MP do lat 16 - dziewczeta"]
[Site "Sypniewo"]
[Date "2022.03.21"]
[Round "3.16"]
[White "Pastuszko, Katarzyna"]
[Black "Boguszewska, Julia"]
[Result "1-0"]
[BlackElo "1034"]
[WhiteElo "1422"]
[LiveChessVersion "1.4.8"]

1. e4 {[%clk 1:30:57]} c6 {[%clk 1:30:54]} 2. d4 {[%clk 1:31:09]} d5
{[%clk 1:31:16]} 3. Nc3 {[%clk 1:31:10]} dxe4 {[%clk 1:27:48]} 4. Nxe4
{[%clk 1:31:06]} Bf5 {[%clk 1:27:58]} 5. Ng3 {[%clk 1:31:00]} Bg6
{[%clk 1:28:14]} 6. h4 {[%clk 1:30:13]} h6 {[%clk 1:28:35]} 7. Nf3
{[%clk 1:29:16]} Nd7 {[%clk 1:26:06]} 8. h5 {[%clk 1:28:50]} Bh7 {[%clk 1:26:20]}
9. Bd3 {[%clk 1:27:37]} Bxd3 {[%clk 1:26:41]} 10. Qxd3 {[%clk 1:27:59]} e6
{[%clk 1:26:48]} 11. Bd2 {[%clk 1:27:15]} Ngf6 {[%clk 1:25:56]} 12. O-O-O
{[%clk 1:22:00]} Be7 {[%clk 1:25:50]} 13. Ne4 {[%clk 1:21:02]} Qc7
{[%clk 1:23:41]} 14. Kb1 {[%clk 1:16:51]} Rc8 {[%clk 1:22:17]} 15. Nxf6+
{[%clk 1:09:32]} Nxf6 {[%clk 1:19:24]} 16. Ne5 {[%clk 1:08:41]} c5
{[%clk 1:15:04]} 17. Bf4 {[%clk 1:02:07]} Bd6 {[%clk 1:05:37]} 18. Qb5+
{[%clk 0:51:42]} Ke7 {[%clk 0:57:35]} 19. Rhe1 {[%clk 0:40:09]} cxd4
{[%clk 0:49:35]} 20. Rxd4 {[%clk 0:33:39]} Bxe5 {[%clk 0:45:44]} 21. Qxe5
{[%clk 0:28:31]} Qxc2+ {[%clk 0:43:04]} 22. Ka1 {[%clk 0:27:55]} Qc6
{[%clk 0:33:35]} 23. Rd6 {[%clk 0:23:36]} Qc4 {[%clk 0:27:34]} 24. g4
{[%clk 0:19:38]} Nxg4 {[%clk 0:17:30]} 25. Rxe6+ {[%clk 0:16:40]} fxe6
{[%clk 0:12:25]} 26. Qxg7+ {[%clk 0:16:03]} Kd8 {[%clk 0:11:52]} 27. Rd1+
{[%clk 0:14:41]} Ke8 {[%clk 0:11:02]} 28. Qxh8+ {[%clk 0:14:46]} 1-0

[Event "MP do lat 16 - dziewczeta"]
[Site "Sypniewo"]
[Date "2022.03.21"]
[Round "3.17"]
[White "Kaznowska, Kinga"]
[Black "Pudelko, Magdalena"]
[Result "0-1"]
[BlackElo "1407"]
[WhiteElo "1239"]
[LiveChessVersion "1.4.8"]

1. e4 {[%clk 1:30:58]} c6 {[%clk 1:30:59]} 2. d4 {[%clk 1:31:22]} d5
{[%clk 1:31:26]} 3. exd5 {[%clk 1:31:49]} cxd5 {[%clk 1:31:51]} 4. Bd3
{[%clk 1:32:12]} Nc6 {[%clk 1:32:18]} 5. c3 {[%clk 1:32:37]} Qc7 {[%clk 1:32:45]}
6. Nf3 {[%clk 1:32:51]} Bg4 {[%clk 1:33:11]} 7. O-O {[%clk 1:33:12]} e6
{[%clk 1:33:37]} 8. Be3 {[%clk 1:33:32]} Nf6 {[%clk 1:33:56]} 9. Nbd2
{[%clk 1:33:56]} Bd6 {[%clk 1:34:04]} 10. h3 {[%clk 1:34:19]} Bh5
{[%clk 1:34:27]} 11. Re1 {[%clk 1:34:32]} O-O {[%clk 1:34:00]} 12. Qc2
{[%clk 1:34:35]} Bg6 {[%clk 1:30:54]} 13. Rac1 {[%clk 1:34:30]} Nh5
{[%clk 1:29:56]} 14. Nb3 {[%clk 1:31:11]} Nf4 {[%clk 1:26:50]} 15. Bxg6
{[%clk 1:29:37]} Nxg6 {[%clk 1:26:53]} 16. a3 {[%clk 1:29:16]} Nce7
{[%clk 1:23:28]} 17. c4 {[%clk 1:28:57]} Rac8 {[%clk 1:22:17]} 18. c5
{[%clk 1:29:17]} Bf4 {[%clk 1:22:41]} 19. Bxf4 {[%clk 1:29:40]} Nxf4
{[%clk 1:21:51]} 20. Qd2 {[%clk 1:29:56]} Neg6 {[%clk 1:15:08]} 21. Rc3
{[%clk 1:28:10]} f6 {[%clk 1:10:19]} 22. Nc1 {[%clk 1:22:37]} e5 {[%clk 1:04:06]}
23. Nd3 {[%clk 1:16:54]} Nxd3 {[%clk 1:02:57]} 24. Qxd3 {[%clk 1:16:25]} e4
{[%clk 1:01:52]} 25. Qe3 {[%clk 1:16:43]} exf3 {[%clk 1:02:15]} 26. Qxf3
{[%clk 1:17:08]} Rcd8 {[%clk 1:01:39]} 27. Rec1 {[%clk 1:16:26]} Qf4
{[%clk 1:00:28]} 28. Qd1 {[%clk 1:15:13]} Rfe8 {[%clk 0:58:22]} 29. g3
{[%clk 1:13:27]} Qf5 {[%clk 0:56:53]} 30. h4 {[%clk 1:12:48]} Re7
{[%clk 0:54:51]} 31. c6 {[%clk 1:10:17]} bxc6 {[%clk 0:55:01]} 32. Rxc6
{[%clk 1:10:34]} Rde8 {[%clk 0:55:08]} 33. Rc7 {[%clk 0:56:40]} Re2
{[%clk 0:54:47]} 34. Qf1 {[%clk 0:56:58]} Rxb2 {[%clk 0:51:04]} 35. Rxa7
{[%clk 0:57:15]} Ree2 {[%clk 0:50:32]} 36. Ra8+ {[%clk 0:57:30]} Kf7
{[%clk 0:50:54]} 37. Rc7+ {[%clk 0:57:38]} Ne7 {[%clk 0:51:10]} 38. f3
{[%clk 0:53:52]} Rb1 {[%clk 0:48:44]} 39. Rc1 {[%clk 0:53:57]} Rxc1
{[%clk 0:49:12]} 40. Qxc1 {[%clk 1:24:20]} Qxf3 {[%clk 1:19:40]} 41. Qf1
{[%clk 1:24:35]} Qxg3+ {[%clk 1:20:08]} 42. Kh1 {[%clk 1:24:54]} Qh2#
{[%clk 1:20:33]} 0-1

[Event "MP do lat 16 - dziewczeta"]
[Site "Sypniewo"]
[Date "2022.03.21"]
[Round "3.18"]
[White "Gornisiewicz, Natalia"]
[Black "Zybrant, Sandra"]
[Result "0-1"]
[BlackElo "1269"]
[WhiteElo "1485"]
[LiveChessVersion "1.4.8"]

1. Nf3 {[%clk 1:30:52]} d5 {[%clk 1:30:53]} 2. c4 {[%clk 1:30:41]} e6
{[%clk 1:31:12]} 3. g3 {[%clk 1:30:36]} Nf6 {[%clk 1:31:37]} 4. Bg2
{[%clk 1:30:35]} c6 {[%clk 1:32:03]} 5. b3 {[%clk 1:30:21]} Nbd7 {[%clk 1:32:02]}
6. Bb2 {[%clk 1:29:10]} Bd6 {[%clk 1:32:13]} 7. O-O {[%clk 1:27:19]} O-O
{[%clk 1:32:21]} 8. d3 {[%clk 1:24:40]} Qe7 {[%clk 1:27:52]} 9. Nbd2
{[%clk 1:19:59]} e5 {[%clk 1:13:16]} 10. e3 {[%clk 1:13:47]} Re8 {[%clk 1:01:44]}
11. Qc2 {[%clk 1:09:29]} Rb8 {[%clk 0:57:15]} 12. a3 {[%clk 1:05:15]} a5
{[%clk 0:54:53]} 13. Rfe1 {[%clk 0:47:26]} b6 {[%clk 0:46:24]} 14. Nh4
{[%clk 0:41:59]} Nf8 {[%clk 0:42:49]} 15. f4 {[%clk 0:39:31]} Qd8
{[%clk 0:30:28]} 16. fxe5 {[%clk 0:33:48]} Bxe5 {[%clk 0:30:44]} 17. Bxe5
{[%clk 0:33:24]} Rxe5 {[%clk 0:31:05]} 18. d4 {[%clk 0:32:54]} Re7
{[%clk 0:30:34]} 19. Nhf3 {[%clk 0:23:48]} Ng6 {[%clk 0:29:39]} 20. b4
{[%clk 0:17:49]} axb4 {[%clk 0:26:35]} 21. axb4 {[%clk 0:18:10]} Qe8
{[%clk 0:24:24]} 22. Ra3 {[%clk 0:16:11]} dxc4 {[%clk 0:18:05]} 23. Nxc4
{[%clk 0:14:43]} Nd5 {[%clk 0:17:29]} 24. Qb3 {[%clk 0:10:56]} Be6
{[%clk 0:14:52]} 25. Qb2 {[%clk 0:08:06]} c5 {[%clk 0:11:30]} 26. b5
{[%clk 0:04:57]} Nb4 {[%clk 0:10:29]} 27. Nfe5 {[%clk 0:03:35]} Nxe5
{[%clk 0:07:07]} 28. Nxe5 {[%clk 0:03:46]} Bd7 {[%clk 0:07:17]} 29. Nxd7
{[%clk 0:02:38]} Qxd7 {[%clk 0:07:46]} 30. dxc5 {[%clk 0:02:41]} bxc5
{[%clk 0:05:57]} 31. Qe2 {[%clk 0:02:34]} g6 {[%clk 0:05:56]} 32. Bf1
{[%clk 0:02:26]} Rd8 {[%clk 0:06:03]} 33. Rc3 {[%clk 0:02:04]} Re5
{[%clk 0:05:31]} 34. Rec1 {[%clk 0:01:25]} Qe7 {[%clk 0:04:07]} 35. Qc4
{[%clk 0:01:01]} Nd5 {[%clk 0:02:06]} 36. Ra3 {[%clk 0:00:35]} Nxe3
{[%clk 0:02:24]} 37. Qa2 {[%clk 0:00:39]} Nxf1 {[%clk 0:02:17]} 38. Rxf1
{[%clk 0:00:59]} Re2 {[%clk 0:02:27]} 39. Qa1 {[%clk 0:01:13]} c4
{[%clk 0:02:00]} 40. Raf3 {[%clk 0:30:35]} Qc5+ {[%clk 0:31:44]} 41. Kh1
{[%clk 0:30:09]} Rf8 {[%clk 0:31:47]} 42. Qa6 {[%clk 0:25:36]} Rb2
{[%clk 0:24:33]} 43. Rf6 {[%clk 0:15:52]} Rxb5 {[%clk 0:23:48]} 44. Qa2
{[%clk 0:15:48]} Qd5+ {[%clk 0:22:55]} 45. R1f3 {[%clk 0:14:00]} Rb3
{[%clk 0:23:03]} 46. Qf2 {[%clk 0:14:09]} Rxf3 {[%clk 0:22:44]} 47. Qxf3
{[%clk 0:14:16]} Qxf3+ {[%clk 0:23:00]} 48. Rxf3 {[%clk 0:14:40]} Rc8
{[%clk 0:23:23]} 49. Rc3 {[%clk 0:15:02]} Kf8 {[%clk 0:23:25]} 50. Kg2
{[%clk 0:15:26]} Ke7 {[%clk 0:23:45]} 51. Kf3 {[%clk 0:15:50]} Kd6
{[%clk 0:23:58]} 52. Ke4 {[%clk 0:16:14]} Re8+ {[%clk 0:23:54]} 53. Kd4
{[%clk 0:16:08]} Rc8 {[%clk 0:24:17]} 54. Rxc4 {[%clk 0:14:28]} Rxc4+
{[%clk 0:24:45]} 55. Kxc4 {[%clk 0:14:49]} Ke5 {[%clk 0:25:09]} 56. Kd3
{[%clk 0:15:14]} Kf5 {[%clk 0:25:28]} 57. h3 {[%clk 0:15:35]} f6 {[%clk 0:24:40]}
58. Kd4 {[%clk 0:15:28]} h6 {[%clk 0:24:51]} 59. Kd3 {[%clk 0:14:30]} h5
{[%clk 0:24:48]} 60. Ke3 {[%clk 0:13:53]} g5 {[%clk 0:20:41]} 61. Kf3
{[%clk 0:12:18]} Ke5 {[%clk 0:19:22]} 62. g4 {[%clk 0:08:47]} hxg4+
{[%clk 0:19:45]} 63. Kxg4 {[%clk 0:09:09]} Ke4 {[%clk 0:20:08]} 64. h4
{[%clk 0:07:43]} gxh4 {[%clk 0:20:34]} 65. Kxh4 {[%clk 0:08:07]} Ke5 0-1